London homebuyers pay a significant premium to live close to a tube or train station (Record no. 114105)

MARC details
000 -LEADER
fixed length control field 01081cad a22002055a 4500
001 - CONTROL NUMBER
control field L156215
008 - FIXED-LENGTH DATA ELEMENTS--GENERAL INFORMATION
fixed length control field 120503s2012 xxk f 000 0 eng d
035 ## - SYSTEM CONTROL NUMBER
System control number (Sirsi) u156215
041 0# - LANGUAGE CODE
Language code of text/sound track or separate title eng
110 2# - MAIN ENTRY--CORPORATE NAME
Corporate name or jurisdiction name as entry element Nationwide Building Society
9 (RLIN) 1019
245 00 - TITLE STATEMENT
Title London homebuyers pay a significant premium to live close to a tube or train station
Medium [electronic resource]
260 ## - PUBLICATION, DISTRIBUTION, ETC.
Date of publication, distribution, etc. 2012
490 #0 - SERIES STATEMENT
Series statement Nationwide House Price Index
Volume/sequential designation Special Report April 2012
520 ## - SUMMARY, ETC.
Summary, etc. London homebuyers are paying a significant premium to live close to a tube or train station. Estimates that a £27 000 premium for a property 500m from nearest station compared with a similar property 1 500m from a station. On average, London houses closest to Circle Line stations are the most expensive, those nearest the Metropolitan Line are cheapest.
590 ## - LOCAL NOTE (RLIN)
Local note KA
651 #4 - SUBJECT ADDED ENTRY--GEOGRAPHIC NAME
Geographic name United Kingdom
Chronological subdivision
690 ## - LOCAL SUBJECT ADDED ENTRY--TOPICAL TERM (OCLC, RLIN)
Topical term or geographic name as entry element Residential property
9 (RLIN) 6266
856 40 - ELECTRONIC LOCATION AND ACCESS
Uniform Resource Identifier <a href="https://www.nationwide.co.uk/hpi/historical/LondonTransportSpecial2012.pdf">https://www.nationwide.co.uk/hpi/historical/LondonTransportSpecial2012.pdf</a>
Public note View this item free of charge at www.nationwide.co.uk
942 ## - ADDED ENTRY ELEMENTS (KOHA)
Suppress in OPAC 0
Holdings
Withdrawn status Lost status Source of classification or shelving scheme Damaged status Not for loan Home library Current library Shelving location Date acquired Total Checkouts Full call number Barcode Date last seen Copy number Price effective from Koha item type
    Dewey Decimal Classification     Virtual Virtual Online 04/05/2012   ONLINE PUBLICATION 156215-2001 06/08/2019 1 06/08/2019 Book